V pote tváre a s mozoľami sa rodí nový chlieb Súkromníkom by mal štát viac pomáhať. Korene stratovosti siahajú do minulosti
Konfrontácia medzi predstaviteľmi dvoch skupín hospodárov na pôde v SR - súkromného roľníka a zástupcu družstevných roľníkov. Vysoké úroky a takmer nijaké dotácie pre súkromne hospodáriacich vlastníkov pôdy. Dominantnosť družstevného hospodárenia.
Salvato in:
| Autore principale: | |
|---|---|
| Altri autori: | |
| Natura: | Capitolo di libro |
| Lingua: | slovacco |
| Soggetti: | |
| Tags: |
Nessun Tag, puoi essere il primo ad aggiungerne!!
|
MARC
| LEADER | 00000naa a2200000 4500 | ||
|---|---|---|---|
| 001 | r022835 | ||
| 005 | 20230801104435.8 | ||
| 041 | 0 | |a slo | |
| 044 | |a SK | ||
| 245 | 1 | 0 | |a V pote tváre a s mozoľami sa rodí nový chlieb |b Súkromníkom by mal štát viac pomáhať. Korene stratovosti siahajú do minulosti |c K. Horváthová, Eva Pichlerová |
| 520 | |a Konfrontácia medzi predstaviteľmi dvoch skupín hospodárov na pôde v SR - súkromného roľníka a zástupcu družstevných roľníkov. Vysoké úroky a takmer nijaké dotácie pre súkromne hospodáriacich vlastníkov pôdy. Dominantnosť družstevného hospodárenia. | ||
| 610 | 2 | 0 | |a Slovensko |
| 610 | 2 | 0 | |a 1989-1996 |
| 610 | 2 | 0 | |a poľnohospodárstvo |
| 610 | 2 | 0 | |a podnikanie súkromné |
| 610 | 2 | 0 | |a družstvá poľnohospodárske |
| 610 | 2 | 0 | |a roľníci |
| 610 | 2 | 0 | |a dotácie |
| 610 | 2 | 0 | |a úrok |
| 610 | 2 | 0 | |a štát |
| 100 | 1 | |a Horváthová, K. | |
| 700 | 1 | |a Pichlerová, Eva | |